000
00320nam a22001457a 4500
020
_a
978-93-87911-37-6
082
_a
894.812.3
_b
SUD/S
100
_a
SUDEEP N
245
_a
SUNDARI THATTHA
260
_a
THRISSUR
_b
H & C PUBLISHING HOUSE
_c
2019
300
_a
48
520
_a
SHORT STORY
650
_a
STORY
942
_c
BK
999
_c
6951
_d
6951